000 00802cam a2200241 a 4500
001 000007934
005 20200929154345.0
008 920716s1990 sp b 001 1 spa
020 _a8423972186
040 _aDO-SdBNP
_dBNPHU
082 _a863.64
_bG724p
100 1 _aGoytisolo, Juan.
_93544
245 1 0 _aPaisajes despues de la batalla /
_cJuan Goytisolo ; edición, Andrés Sánchez Robayna.
260 _aMadrid :
_bEspasa Calpe,
_cc1990.
300 _a236 p. ;
_c18 cm.
490 1 _aAustral ;
_v218.
_aLiteratura
504 _aIncluye referencia bibliográfica (p. [31]-35).
650 4 _aNovela española
_91123
650 4 _aLiteratura española
_9632
700 1 _aSánchez Robayna, Andrés,
_eed.
_921733
830 0 _aAustral ;
_v218
_pLiteratura
_921451
910 _aCatalogación derivada
999 _c7712
_d7712